00239 a2200109 4500001000700000040003500007100003300042240002100075245001600096362000900112440000800121152747 cEscola São Tomás de Aquino aQUEIRÓS, Bartolomeu Campos10aRaul e luarlpor10aRaul e luar0 a2007 1aRHJ